000 01117nam a2200277 i 4500
001 181028
003 ES-MaACL
005 20231203062938.0
008 121002s2009 xr abjo f |||| |dspa d
020 _a978-963-87864-6-3
040 _cES-MaACL
080 _a94(460)"0711/1492"(059.3)
080 _a930.24
100 1 _aSánchez de Almodóvár, García.
_9151541
_eaut
245 1 3 _aLa historia de Hispania según el calendario húngaro :
_bla batalla de Simancas que determinó todo : 200 años que conmueven el mundo /
_cGarcía Sánchez de Almodóvar
260 _aLarnaca :
_bJ & V Transtrading Ltd.,
_c[2009]
300 _a136 p. :
_bil. col. y n., mapas ;
_c24 cm.
546 _aTextos en español, alemán e inglés.
650 0 7 _aCronología histórica.
_911458
651 7 _aEspaña-
_xHistoria-
_y0711-1492, Reconquista.
_98217
852 _aES-MaACL
_9187911
_bR.147092
_jA-12244
_dOlim: N-5249
_cDEPO1
_hDonación: Real Academia Española
914 _96336
_aReal Academia Española
_ednr
942 _cMONOGRAFIA
_n0
999 _c181028
_d181028